000 03186cam a22004814a 4500
001 13926844
005 20090130145008.0
008 050412s2005 cauab b 001 0 eng
010 _a 2005010160
020 _a1589481240 (pbk. : alk. paper)
040 _aDLC
_cDLC
_dDLC
042 _apcc
043 _an-us---
050 0 0 _aHT391
_b.L45 2005
082 0 0 _a307.120285
_222
_bLEG
100 1 _aLeGates, Richard T.
_94790
245 1 0 _aThink globally, act regionally :
_bGIS and data visualization for social science and public policy research /
_cRichard LeGates.
250 _a1st ed.
260 _aRedlands, Calif. :
_bESRI Press,
_cc2005.
300 _axx, 518 p. :
_bill. (some col.), maps (some col.) ;
_c23 cm +
_e1 CD-ROM (4 3/4 in.)
500 _aIncludes Index
504 _aIncludes bibliographical references (p. [453]-462) and index.
505 0 _aUrbanization and its discontents -- Introduction to GIS -- Managing urbanization with vector GIS -- Visual images and data graphics -- Urbanization in harmony with the earth -- Introduction to raster GIS -- Using raster GIS to resolve conflicts between the natural and built environments -- Visualizing relationships with multivariate data graphics -- Spatial equity and regional integration -- Symbolizing map features and creating map layouts -- Using multiple media, and the theory and practice of graphic communication -- Bringing it all together in the Portland, Oregon region.
650 0 _aRegional planning
_xData processing.
_94791
650 0 _aRegional planning
_zUnited States.
_94792
650 0 _aUrban geography
_xData processing.
_94793
650 0 _aUrban ecology (Sociology)
_xData processing.
_94794
650 0 _aUrban policy
_xData processing.
_94795
650 0 _aGeographic information systems.
_94796
650 0 _aInformation visualization.
_94797
650 0 _aComputer graphics.
_94798
856 4 1 _3Table of contents only
_uhttp://www.loc.gov/catdir/toc/ecip0511/2005010160.html
856 4 2 _3Contributor biographical information
_uhttp://www.loc.gov/catdir/enhancements/fy0622/2005010160-b.html
856 4 2 _3Publisher description
_uhttp://www.loc.gov/catdir/enhancements/fy0622/2005010160-d.html
942 _2ddc
_cBB
999 _c11546
_d11546